[Event "VI Festival Scacchi Verdi"]
[Site "Bresso ITA"]
[Date "2007.06.15"]
[Round "2"]
[White "Basilico, Davide"]
[Black "Maremonti, Marco"]
[Result "1-0"]
[WhiteElo "1632"]
[BlackElo "1440"]
[PlyCount "61"]
[EventDate "2007.06.14"]

1. e4 c6 2. d4 d5 3. Nc3 dxe4 4. Nxe4 Bf5 5. Ng3 Bg6 6. Nf3 Nd7 7. h4 h6 8. h5
Bh7 9. Bd3 Bxd3 10. Qxd3 e6 11. O-O Ngf6 12. c4 Bd6 13. Ne4 Nxe4 14. Qxe4 Nf6
15. Qh4 O-O 16. Ne5 Bxe5 17. dxe5 Nd7 18. Qg3 Kh8 19. Be3 Nb6 20. Bc5 Nxc4 21.
Bxf8 Qxf8 22. f4 Qc5+ 23. Kh1 Nb6 24. f5 Nd5 25. fxe6 f6 26. exf6 Nxf6 27. Qg6
Qxh5+ 28. Qxh5 Nxh5 29. e7 Nf6 30. Rxf6 gxf6 31. Rd1 1-0

[Event "VI Festival Scacchi Verdi"]
[Site "Bresso ITA"]
[Date "2007.06.15"]
[Round "2"]
[White "Cardani, Roberto"]
[Black "Rettore, Ludwig"]
[Result "0-1"]
[WhiteElo "1904"]
[BlackElo "2172"]
[PlyCount "48"]
[EventDate "2007.06.14"]

1. e4 e5 2. Nf3 Nc6 3. Bb5 a6 4. Ba4 Nf6 5. O-O Nxe4 6. d4 b5 7. Bb3 d5 8. dxe5
Be6 9. Nbd2 Be7 10. c3 O-O 11. Bc2 f5 12. exf6 Nxf6 13. Nb3 Bg4 14. Qd3 Ne4 15.
Nbd4 Nxd4 16. Nxd4 Bd6 17. g3 Bc5 18. Be3 Bh3 19. Nc6 Bxf1 20. Rxf1 Qd6 21.
Bxc5 Qxc5 22. Qxd5+ Qxd5 23. Ne7+ Kh8 24. Nxd5 Ng5 0-1

[Event "VI Festival Scacchi Verdi"]
[Site "Bresso ITA"]
[Date "2007.06.15"]
[Round "2"]
[White "Cimo', Alessandro"]
[Black "Nava, Mario"]
[Result "1-0"]
[WhiteElo "1530"]
[BlackElo "1431"]
[PlyCount "73"]
[EventDate "2007.06.14"]

1. d4 d5 2. c4 dxc4 3. Nf3 Nf6 4. Nc3 e6 5. Bg5 h6 6. Bxf6 Qxf6 7. e3 Bd7 8.
Bxc4 a6 9. Qc2 Bc6 10. d5 exd5 11. Bxd5 Bxd5 12. Nxd5 Bb4+ 13. Nxb4 O-O 14. Nd5
Qc6 15. Ne7+ Kh8 16. Nxc6 Nxc6 17. O-O Rad8 18. Rfd1 Rc8 19. Rd7 Kg8 20. Qb3
Na5 21. Qb4 b6 22. Rad1 Nc6 23. Qf4 Rcd8 24. Rxd8 Nxd8 25. Qxc7 Ne6 26. Qxb6
Ra8 27. Qb7 Rf8 28. Qxa6 Rb8 29. Ne5 Ng5 30. Qd3 Ne6 31. Qf5 Rf8 32. Ng6 Re8
33. Nh8 Ng5 34. h4 Kxh8 35. hxg5 h5 36. Qxf7 Rg8 37. Qxh5# 1-0

[Event "VI Festival Scacchi Verdi"]
[Site "Bresso ITA"]
[Date "2007.06.15"]
[Round "2"]
[White "D'Alessio, Angelo"]
[Black "Ragoso, Mario"]
[Result "1-0"]
[WhiteElo "1440"]
[BlackElo "1655"]
[PlyCount "123"]
[EventDate "2007.06.14"]

1. d4 Nf6 2. c4 g6 3. Nc3 Bg7 4. e4 d6 5. Nf3 O-O 6. Be2 e5 7. O-O Nc6 8. d5
Ne7 9. b4 Ne8 10. Re1 f5 11. Nd2 f4 12. Bb2 g5 13. c5 Ng6 14. Nf1 Nf6 15. f3
Rf7 16. Rc1 Bf8 17. cxd6 Bxd6 18. a3 Rg7 19. Nb5 g4 20. fxg4 Nh4 21. h3 h5 22.
Nh2 Nxe4 23. Bf3 hxg4 24. Bxe4 gxh3 25. Rc2 Qg5 26. Nxd6 cxd6 27. Bc1 Bd7 28.
Rf2 Nxg2 29. Bxg2 hxg2 30. Qf3 Qh4 31. Bd2 Bh3 32. Rc1 Rg3 33. Qe4 Rf8 34. Rf3
Bf5 35. Rxg3+ Qxg3 36. Qxg2 Qxg2+ 37. Kxg2 Rf7 38. Kf2 Be4 39. Nf3 Bxd5 40.
Rg1+ Kf8 41. Nh4 Ke7 42. b5 Kd7 43. Bb4 e4 44. Rg6 e3+ 45. Ke1 Be6 46. Nf3 Rh7
47. Nd4 Bc4 48. Rg1 Rh2 49. Rg7+ Ke8 50. Rg1 Ra2 51. Bc3 Rxa3 52. Bb2 Ra2 53.
Bc3 a6 54. bxa6 bxa6 55. Rg4 Rh2 56. Rg1 Kf7 57. Kd1 Rf2 58. Be1 Ra2 59. Bc3
Ra3 60. Kc2 Ra2+ 61. Kd1 a5 62. Rg4 1-0

[Event "VI Festival Scacchi Verdi"]
[Site "Bresso ITA"]
[Date "2007.06.15"]
[Round "2"]
[White "D'Apa, Massimo"]
[Black "Taglione, Giuseppe"]
[Result "1-0"]
[WhiteElo "1488"]
[BlackElo "1403"]
[PlyCount "45"]
[EventDate "2007.06.14"]

1. e4 e5 2. f4 d6 3. Nf3 Bg4 4. Bc4 Nf6 5. Nc3 c5 6. O-O Be7 7. fxe5 dxe5 8. d3
Nc6 9. Be3 O-O 10. Qe1 Bxf3 11. Rxf3 b6 12. Rf1 Nd4 13. Bxd4 cxd4 14. Nd5 Qd7
15. Nxf6+ Bxf6 16. Qg3 Rac8 17. Rxf6 b5 18. Bb3 a5 19. a4 b4 20. Raf1 Rc7 21.
R6f5 g6 22. Rxe5 Kg7 23. Rd5 1-0

[Event "VI Festival Scacchi Verdi"]
[Site "Bresso ITA"]
[Date "2007.06.15"]
[Round "2"]
[White "De La Pena, Elmer"]
[Black "Brighenti, Alessandro"]
[Result "1-0"]
[WhiteElo "1927"]
[BlackElo "1597"]
[PlyCount "102"]
[EventDate "2007.06.14"]

1. d4 Nf6 2. c4 g6 3. Nf3 Bg7 4. Nc3 d5 5. g3 O-O 6. Bg2 dxc4 7. O-O c5 8. dxc5
Qa5 9. Be3 Nc6 10. Qa4 Bf5 11. Nd4 Qxa4 12. Nxa4 Na5 13. Nxf5 gxf5 14. Rfc1
Rfd8 15. Bf4 Rac8 16. Bh3 e6 17. Rd1 Nd5 18. Bd6 b6 19. Bg2 bxc5 20. Bxc5 Nc6
21. Rac1 Na5 22. e4 fxe4 23. Bxe4 Rc7 24. Be3 Rdd7 25. Bd2 Nb7 26. Be1 Nc5 27.
Nxc5 Rxc5 28. Bb4 Rcc7 29. Ba3 c3 30. bxc3 Nxc3 31. Rxd7 Rxd7 32. Kg2 Rd2 33.
Bb4 f5 34. Bc2 Bd4 35. Bb3 Rxf2+ 36. Kh3 Nd5 37. Bxd5 exd5 38. Rd1 Bb6 39. Rxd5
Rxa2 40. Rxf5 h6 41. Bd6 Kh7 42. g4 Bg1 43. Rh5 Be3 44. Kg3 a5 45. Rf5 a4 46.
h4 Kg6 47. h5+ Kh7 48. Rf7+ Kg8 49. Rf8+ Kh7 50. Kf3 Rf2+ 51. Kxe3 Rg2 1-0

[Event "VI Festival Scacchi Verdi"]
[Site "Bresso ITA"]
[Date "2007.06.15"]
[Round "2"]
[White "Garlera, Marco"]
[Black "Azzinaro, Luca"]
[Result "0-1"]
[WhiteElo "1478"]
[BlackElo "1422"]
[PlyCount "102"]
[EventDate "2007.06.14"]

1. e4 e6 2. Nc3 d5 3. exd5 exd5 4. d4 Nf6 5. Nf3 Be7 6. Bf4 a6 7. Ne5 O-O 8.
Bd3 Bd7 9. Qf3 Bb4 10. O-O Bxc3 11. bxc3 Qc8 12. h3 c6 13. Be2 Bf5 14. Bd3 Bxd3
15. cxd3 Nbd7 16. Rfe1 Nxe5 17. Bxe5 Nd7 18. Bd6 Re8 19. Kf1 Qd8 20. Rxe8+ Qxe8
21. Re1 Qd8 22. Re7 Nf6 23. Qf4 Qb6 24. Qd2 Ne8 25. Bc5 Qd8 26. Rxb7 Rb8 27.
Rxb8 Qxb8 28. g3 Qc8 29. Kg2 Nc7 30. c4 h6 31. f4 Qd7 32. Qe3 Ne6 33. Bb4 dxc4
34. dxc4 Qxd4 35. Qxd4 Nxd4 36. Kf2 f5 37. Ke3 Nc2+ 38. Kd3 Nxb4+ 39. Kc3 Nxa2+
40. Kb3 Nc1+ 41. Kb4 Nd3+ 42. Ka5 Kf8 43. Kxa6 Ke7 44. Ka5 Kd6 45. Ka4 Nf2 46.
h4 Ne4 47. Kb3 Nxg3 48. Kc2 Ne2 49. Kd3 Nxf4+ 50. Kd4 g5 51. c5+ Ke6 0-1

[Event "VI Festival Scacchi Verdi"]
[Site "Bresso ITA"]
[Date "2007.06.15"]
[Round "2"]
[White "Georgiev, Vladimir"]
[Black "Murli, Almerico"]
[Result "1-0"]
[WhiteElo "2540"]
[BlackElo "1896"]
[PlyCount "45"]
[EventDate "2007.06.14"]

1. d4 Nf6 2. c4 g6 3. Nc3 Bg7 4. e4 d6 5. Bd3 O-O 6. Nge2 e5 7. d5 Nbd7 8. O-O
Nc5 9. Bc2 a5 10. f3 Nh5 11. g4 Nf6 12. Ng3 Bd7 13. Be3 b6 14. Kg2 Kh8 15. h4
Nxg4 16. fxg4 Qxh4 17. Rh1 Qxg4 18. Qg1 Bc8 19. Qh2 h5 20. Bd1 Qd7 21. Nxh5
Qh3+ 22. Qxh3 Bxh3+ 23. Rxh3 1-0

[Event "VI Festival Scacchi Verdi"]
[Site "Bresso ITA"]
[Date "2007.06.15"]
[Round "2"]
[White "Marelli, Vittorio"]
[Black "Mingolla, Patrizio"]
[Result "0-1"]
[WhiteElo "1427"]
[BlackElo "1488"]
[PlyCount "102"]
[EventDate "2007.06.14"]

1. e4 e5 2. Nf3 Nc6 3. Bb5 a6 4. Bxc6 dxc6 5. O-O Bg4 6. h3 Bxf3 7. Qxf3 Qf6 8.
Qxf6 Nxf6 9. Nc3 O-O-O 10. d3 Bc5 11. Bg5 Be7 12. Ne2 Rd6 13. Ng3 g6 14. Rad1
Nd5 15. Bxe7 Nxe7 16. Ne2 c5 17. c3 Rhd8 18. Rd2 Rxd3 19. Rxd3 Rxd3 20. Nc1 Rd2
21. b3 Rc2 22. c4 Nc6 23. a3 Nd4 24. Rd1 Rxc1 25. Rxc1 Ne2+ 26. Kh2 Nxc1 27. b4
cxb4 28. axb4 Nd3 29. Kg3 Nxb4 30. f4 a5 31. fxe5 Kd7 32. Kf4 Ke6 33. g4 Nd3+
34. Ke3 Nxe5 35. Kd4 a4 36. Kc3 a3 37. c5 Nc6 38. Kb3 Ke5 39. Kxa3 Kxe4 40. Ka4
Kd5 41. Kb5 f5 42. gxf5 gxf5 43. Ka4 Kxc5 44. Kb3 Kd4 45. Kc2 Ke3 46. Kd1 f4
47. Ke1 f3 48. Kf1 b5 49. h4 b4 50. h5 b3 51. h6 b2 0-1

[Event "VI Festival Scacchi Verdi"]
[Site "Bresso ITA"]
[Date "2007.06.15"]
[Round "2"]
[White "Pelizzola, Danilo"]
[Black "Pepa, Syrja"]
[Result "1-0"]
[WhiteElo "2070"]
[BlackElo "1817"]
[PlyCount "141"]
[EventDate "2007.06.14"]

1. e4 e5 2. Nf3 Nc6 3. Bb5 a6 4. Ba4 Nf6 5. O-O b5 6. Bb3 Be7 7. Re1 O-O 8. c3
d6 9. h3 Na5 10. Bc2 c5 11. d4 Nc6 12. Be3 Qc7 13. Nbd2 Re8 14. d5 Nb8 15. Qe2
Nbd7 16. b3 Nf8 17. Bd3 Bd7 18. Nf1 Ng6 19. g4 Rec8 20. Ng3 c4 21. bxc4 bxc4
22. Bc2 Nxg4 23. hxg4 Bxg4 24. Nf5 Qa5 25. Bd1 Qxc3 26. Rc1 Qb4 27. Rf1 c3 28.
Qc2 Rab8 29. N3h4 Bxd1 30. Nxe7+ Nxe7 31. Rfxd1 Qa3 32. Rb1 Rb2 33. Rxb2 cxb2
34. Qb3 Qxb3 35. axb3 Rc3 36. Rb1 Rxb3 37. Bd2 g6 38. f3 f5 39. Kf2 Kf7 40. Ke2
Kf6 41. Ng2 g5 42. Ne3 h5 43. Nc4 Nc8 44. Rxb2 Rxb2 45. Nxb2 fxe4 46. fxe4 g4
47. Nc4 Kg6 48. Kf2 h4 49. Kg2 Kh5 50. Kh2 Kg6 51. Ne3 Kh5 52. Nf5 Nb6 53. Nxd6
Nd7 54. Nb7 Kg6 55. Kg2 Kf6 56. Kf2 Kg6 57. Ba5 Kg5 58. Bd2+ Kg6 59. Bb4 Kg5
60. Nc5 Nb6 61. Nd3 Kf6 62. Ba5 Nc4 63. Bd8+ Kf7 64. Bxh4 a5 65. Nc5 Ke8 66.
Ke2 Kf7 67. Kd3 Nd6 68. Bg3 a4 69. Nxa4 Kf6 70. Nb6 Nf7 71. Nc4 1-0

[Event "VI Festival Scacchi Verdi"]
[Site "Bresso ITA"]
[Date "2007.06.15"]
[Round "2"]
[White "Rossini, Luca"]
[Black "Madaschi, Sergio"]
[Result "0-1"]
[WhiteElo "1440"]
[BlackElo "1511"]
[PlyCount "96"]
[EventDate "2007.06.14"]

1. d4 d5 2. c4 e6 3. Nc3 Nf6 4. Bg5 Nbd7 5. e4 dxe4 6. Nxe4 Be7 7. Bd3 Nxe4 8.
Bxe7 Nxf2 9. Bxd8 Nxd1 10. Rxd1 Kxd8 11. Nf3 Nf6 12. Ne5 Ke7 13. O-O c6 14. b4
h6 15. c5 Rf8 16. Rf2 Nd7 17. Nxd7 Bxd7 18. Bc4 Rae8 19. Re1 Kd8 20. a4 a6 21.
Rb2 Kc7 22. b5 axb5 23. axb5 cxb5 24. Bxb5 Bc6 25. Bxc6 bxc6 26. Ra1 Ra8 27.
Rf1 Ra4 28. Rf4 e5 29. Re4 Rxd4 30. Rxe5 Rfd8 31. Ra2 Rd1+ 32. Kf2 R1d2+ 33.
Re2 Rxe2+ 34. Kxe2 Kd7 35. Ra7+ Ke6 36. Ra3 Rd5 37. Rg3 g6 38. Rh3 h5 39. Rc3
f6 40. Kf3 g5 41. h3 Kf5 42. Rc4 h4 43. g4+ hxg3 44. Kxg3 Ke5 45. Kf3 f5 46.
Rc3 Kd4 47. Rc2 Rxc5 48. Rxc5 Kxc5 0-1

[Event "VI Festival Scacchi Verdi"]
[Site "Bresso ITA"]
[Date "2007.06.15"]
[Round "2"]
[White "Smokina, Karolina"]
[Black "Carbone, Lorenzo"]
[Result "1-0"]
[WhiteElo "2192"]
[BlackElo "1820"]
[PlyCount "56"]
[EventDate "2007.06.14"]

1. d4 d5 2. c4 e6 3. Nf3 Nf6 4. e3 Be7 5. b3 O-O 6. Bd3 h6 7. Nbd2 Nbd7 8. O-O
b6 9. Bb2 Bb7 10. Ne5 c6 11. f4 a5 12. f5 exf5 13. Bxf5 Bd6 14. Nxd7 Nxd7 15.
e4 g6 16. Bh3 Re8 17. e5 Bf8 18. cxd5 cxd5 19. Qf3 Qe7 20. Ba3 Nxe5 21. dxe5 d4
22. Bxe7 Bxf3 23. Bxf8 Be2 24. Rfe1 d3 25. Bxh6 Rxe5 26. Nc4 Rh5 27. Bd2 Rc8
28. Nxb6 Re5 1-0

[Event "VI Festival Scacchi Verdi"]
[Site "Bresso ITA"]
[Date "2007.06.16"]
[Round "3"]
[White "Azzinaro, Luca"]
[Black "De La Pena, Elmer"]
[Result "1-0"]
[WhiteElo "1422"]
[BlackElo "1927"]
[PlyCount "97"]
[EventDate "2007.06.14"]

1. e4 c5 2. c3 d5 3. exd5 Qxd5 4. Nf3 Nf6 5. d4 Bg4 6. Be2 e6 7. O-O Nc6 8. Be3
cxd4 9. cxd4 Be7 10. Nc3 Qd6 11. Qa4 O-O 12. Rfd1 Rfc8 13. Rac1 a6 14. a3 b5
15. Qb3 Na5 16. Qa2 Rab8 17. b4 Nc4 18. Bg5 Nd5 19. Ne4 Qd8 20. Bxe7 Nxe7 21.
Bxc4 Rxc4 22. Rxc4 Qd5 23. Rc2 Qxe4 24. Re2 Qb7 25. Qb3 Rc8 26. Ree1 Qc7 27. h3
Bf5 28. Rc1 Qb7 29. Rxc8+ Nxc8 30. Qc3 Nb6 31. Nd2 h6 32. Rc1 Qd5 33. Qc5 Qa2
34. Qxb6 Qxd2 35. Qc5 Be4 36. Qc3 Qg5 37. g3 Qf5 38. Qe3 Bd5 39. g4 Qg6 40. Rc7
Qb1+ 41. Kh2 Qh1+ 42. Kg3 Qg2+ 43. Kf4 g5+ 44. Ke5 Qh2+ 45. Qg3 Qh1 46. Kd6 f6
47. Ke7 Qe4 48. Rc8+ Kg7 49. Qc7 1-0

[Event "VI Festival Scacchi Verdi"]
[Site "Bresso ITA"]
[Date "2007.06.16"]
[Round "3"]
[White "Brighenti, Alessandro"]
[Black "Ragoso, Mario"]
[Result "0-1"]
[WhiteElo "1597"]
[BlackElo "1655"]
[PlyCount "44"]
[EventDate "2007.06.14"]

1. e4 e6 2. d4 d5 3. Nc3 Bb4 4. e5 c5 5. a3 Bxc3+ 6. bxc3 Nc6 7. Qg4 Nge7 8.
Qxg7 Rg8 9. Qxh7 cxd4 10. cxd4 Qc7 11. Nf3 Bd7 12. Ng5 Nxe5 13. Bd2 O-O-O 14.
dxe5 Qxe5+ 15. Be3 Qxa1+ 16. Kd2 Bb5 17. Qxf7 d4 18. Qxe6+ Bd7 19. Qc4+ Nc6 20.
Bf4 Rde8 21. Nf7 Qe1+ 22. Kd3 Bf5# 0-1

[Event "VI Festival Scacchi Verdi"]
[Site "Bresso ITA"]
[Date "2007.06.16"]
[Round "3"]
[White "Capuano, Eugenio"]
[Black "Barberi, Alessandro"]
[Result "0-1"]
[WhiteElo "2237"]
[BlackElo "2152"]
[PlyCount "86"]
[EventDate "2007.06.14"]

1. d4 g6 2. c4 Bg7 3. e4 d6 4. Nc3 e5 5. d5 Ne7 6. h4 h5 7. Be2 Nd7 8. Nh3 f5
9. Ng5 Nf6 10. f3 f4 11. g3 O-O 12. Qc2 Nh7 13. Bd2 Nxg5 14. hxg5 fxg3 15.
O-O-O a6 16. Be3 b6 17. Rdg1 c5 18. dxc6 Nxc6 19. Nd5 Nd4 20. Bxd4 exd4 21. f4
Rxf4 22. Rxg3 Rf2 23. Qd3 b5 24. Nf6+ Kf7 25. Qxd4 Rf4 26. Qe3 Rxf6 27. gxf6
Bxf6 28. Qh6 Bg4 29. Rf1 Rc8 30. Qh7+ Ke6 31. Bxg4+ hxg4 32. Qxg6 Rxc4+ 33. Kb1
Qh8 34. Rxg4 Rc7 35. Rgf4 Rf7 36. Qf5+ Ke7 37. Qd5 Qh2 38. Qb7+ Ke6 39. Qc8+
Ke7 40. Qb7+ Ke6 41. Qc8+ Ke7 42. Qc7+ Ke6 43. Qc6 Qxb2# 0-1

[Event "VI Festival Scacchi Verdi"]
[Site "Bresso ITA"]
[Date "2007.06.16"]
[Round "3"]
[White "Carbone, Lorenzo"]
[Black "Cardani, Roberto"]
[Result "1/2-1/2"]
[WhiteElo "1820"]
[BlackElo "1904"]
[PlyCount "90"]
[EventDate "2007.06.14"]

1. e4 c5 2. Nf3 d6 3. d4 cxd4 4. Nxd4 Nf6 5. Nc3 a6 6. Be2 e5 7. Nb3 Be7 8. O-O
O-O 9. Be3 Be6 10. Qd2 Nbd7 11. Rad1 Rc8 12. h3 Qc7 13. Nc1 Nb6 14. Kh1 Nc4 15.
Bxc4 Qxc4 16. f3 b5 17. a3 Rfd8 18. Nd5 Bxd5 19. exd5 Qxc2 20. Rf2 Qc4 21. Ne2
Qc2 22. Ng3 Qxd2 23. Rdxd2 Rc4 24. Nf5 Bf8 25. g4 Rdc8 26. Rd1 Rc2 27. Rfd2 Nd7
28. f4 g6 29. Ng3 Bg7 30. Ne4 exf4 31. Bxf4 Be5 32. Be3 Rxd2 33. Rxd2 Nf6 34.
Nf2 Kg7 35. Kg2 Rc4 36. Kf3 Nd7 37. Ne4 Nf6 38. Nf2 h5 39. g5 Nd7 40. Ne4 f5
41. gxf6+ Nxf6 42. Ng5 Nd7 43. Ne6+ Kf7 44. Kg2 Nf6 45. Rf2 45... Ke7 $138
1/2-1/2

[Event "VI Festival Scacchi Verdi"]
[Site "Bresso ITA"]
[Date "2007.06.16"]
[Round "3"]
[White "D'Alessio, Angelo"]
[Black "Smokina, Karolina"]
[Result "0-1"]
[WhiteElo "1440"]
[BlackElo "2192"]
[PlyCount "64"]
[EventDate "2007.06.14"]

1. d4 d5 2. Nf3 Nf6 3. c4 c6 4. Nc3 e6 5. e3 Bd6 6. Bd3 dxc4 7. Bxc4 b5 8. Bd3
Nbd7 9. e4 e5 10. d5 cxd5 11. Nxd5 Nxd5 12. exd5 Bb7 13. O-O a6 14. a4 b4 15.
Bc4 a5 16. Re1 O-O 17. b3 f6 18. h4 Nb6 19. Be3 Rc8 20. Rc1 Rf7 21. Re2 h6 22.
h5 Nd7 23. g3 f5 24. Nh4 f4 25. Bd2 Nf6 26. Ng6 f3 27. Rxe5 Ng4 28. Bf4 Rxf4
29. gxf4 Nxe5 30. fxe5 Qg5+ 31. Kf1 Qxh5 32. exd6 Qh1# 0-1

[Event "VI Festival Scacchi Verdi"]
[Site "Bresso ITA"]
[Date "2007.06.16"]
[Round "3"]
[White "D'Apa, Massimo"]
[Black "Basilico, Davide"]
[Result "0-1"]
[WhiteElo "1488"]
[BlackElo "1632"]
[PlyCount "62"]
[EventDate "2007.06.14"]

1. e4 c6 2. d4 d5 3. exd5 cxd5 4. c4 Nf6 5. Nf3 Bg4 6. Be3 e6 7. Nc3 Nc6 8. Be2
Qb6 9. Rb1 Rd8 10. c5 Qc7 11. Qc2 a6 12. Na4 e5 13. dxe5 Nxe5 14. Nxe5 Qxe5 15.
O-O Bxe2 16. Qxe2 d4 17. Qc4 dxe3 18. Rfe1 Qd4 19. Rxe3+ Be7 20. Qe2 Nd5 21.
Re4 Qf6 22. Nb6 Nxb6 23. cxb6 Rd6 24. Rc1 Re6 25. Rc8+ Bd8 26. Qd3 O-O 27. h3
Bxb6 28. Rxf8+ Kxf8 29. Rc4 Qxf2+ 30. Kh2 Qg1+ 31. Kg3 Re3+ 0-1

[Event "VI Festival Scacchi Verdi"]
[Site "Bresso ITA"]
[Date "2007.06.16"]
[Round "3"]
[White "D'Aulisa, Francesco"]
[Black "Cimo', Alessandro"]
[Result "0-1"]
[WhiteElo "1856"]
[BlackElo "1530"]
[PlyCount "84"]
[EventDate "2007.06.14"]

1. e4 c5 2. Nf3 d6 3. d4 cxd4 4. Qxd4 Nc6 5. Bb5 Bd7 6. Qd3 a6 7. Bc4 e6 8. a3
Nf6 9. O-O Be7 10. Bf4 Qc7 11. Re1 O-O 12. e5 Nh5 13. Bg5 Nxe5 14. Nxe5 Bxg5
15. Nf3 Be7 16. Nbd2 b5 17. Bb3 Bc6 18. Ne4 h6 19. Rad1 d5 20. Nc3 Rad8 21. Ne2
Bd6 22. g3 Nf6 23. Ned4 Rfe8 24. Nxc6 Qxc6 25. Ne5 Qc5 26. Qf3 Bxe5 27. Rxe5
Kf8 28. c3 Ne4 29. Bc2 Ng5 30. Qg4 Qc4 31. Rd4 Qa2 32. h4 Ne4 33. Bxe4 dxe4 34.
Qxe4 Rxd4 35. Qxd4 Qc4 36. Qd6+ Kg8 37. Qd7 Qc8 38. Qd6 Rd8 39. Qc5 Rd1+ 40.
Kh2 Qb7 41. Kh3 Qf3 42. Qc8+ Kh7 0-1

[Event "VI Festival Scacchi Verdi"]
[Site "Bresso ITA"]
[Date "2007.06.16"]
[Round "3"]
[White "Madaschi, Sergio"]
[Black "Agrifoglio, Fabio"]
[Result "0-1"]
[WhiteElo "1511"]
[BlackElo "2000"]
[PlyCount "82"]
[EventDate "2007.06.14"]

1. e4 e6 2. Nc3 c5 3. d3 Nc6 4. g3 d6 5. Bg2 g6 6. f4 Bg7 7. Nf3 Qb6 8. Qe2
Nge7 9. e5 d5 10. b3 a6 11. Na4 Qa7 12. Nc3 b5 13. Bb2 Bd7 14. O-O Rc8 15. Kh1
h5 16. a3 Nf5 17. Nd1 Nce7 18. Nf2 Bc6 19. Rac1 c4 20. d4 Bd7 21. Qd2 Qc7 22.
Nd1 a5 23. b4 Nc6 24. c3 Ra8 25. Ne3 Nce7 26. Nxf5 Nxf5 27. Qf2 Bc6 28. Ng5 h4
29. g4 Ng3+ 30. Kg1 Nxf1 31. Rxf1 axb4 32. axb4 Qe7 33. Nh3 Ra2 34. Rb1 Bh6 35.
f5 gxf5 36. gxf5 exf5 37. Qxf5 Bd7 38. Qf3 Bxh3 39. Qxh3 Qe6 40. Qf3 h3 41. Bh1
Qg6+ 0-1

[Event "VI Festival Scacchi Verdi"]
[Site "Bresso ITA"]
[Date "2007.06.16"]
[Round "3"]
[White "Maremonti, Marco"]
[Black "Marelli, Vittorio"]
[Result "0-1"]
[WhiteElo "1440"]
[BlackElo "1427"]
[PlyCount "75"]
[EventDate "2007.06.14"]

1. d4 d5 2. c4 e6 3. Nc3 Nf6 4. Bg5 Be7 5. Nf3 O-O 6. e3 Nc6 7. a3 h6 8. Bh4
Ne4 9. Bxe7 Qxe7 10. Nxe4 dxe4 11. Nd2 f5 12. Be2 Nd8 13. f4 exf3 14. Nxf3 Nf7
15. c5 Rd8 16. Bc4 c6 17. Qb3 g5 18. g3 Kg7 19. O-O-O Rb8 20. Qc3 Qf6 21. Rd2
b5 22. cxb6 axb6 23. Rhd1 b5 24. Bb3 Bb7 25. Qc5 g4 26. Ne5 Rbc8 27. Kb1 Ng5
28. Qa7 Qe7 29. Rc2 Rc7 30. Rdc1 Rdc8 31. Qc5 Qxc5 32. Rxc5 Ne4 33. R5c2 Kf6
34. Nd3 Ng5 35. Nc5 Ne4 36. Nxb7 Rxb7 37. d5 exd5 38. Bxd5 $138 0-1

[Event "VI Festival Scacchi Verdi"]
[Site "Bresso ITA"]
[Date "2007.06.16"]
[Round "3"]
[White "Mingolla, Patrizio"]
[Black "Fiorili, Roberto"]
[Result "0-1"]
[WhiteElo "1488"]
[BlackElo "1939"]
[PlyCount "60"]
[EventDate "2007.06.14"]

1. e4 c5 2. Nf3 d6 3. Nc3 e6 4. g3 a6 5. Bg2 b5 6. O-O Bb7 7. d4 b4 8. Ne2 Bxe4
9. dxc5 dxc5 10. Qxd8+ Kxd8 11. Ng5 Bxg2 12. Nxf7+ Ke7 13. Nxh8 Bxf1 14. Kxf1
g6 15. Bg5+ Nf6 16. Re1 Bg7 17. Nxg6+ hxg6 18. Nf4 Nbd7 19. Nxe6 Kf7 20. Nc7
Rc8 21. Bf4 a5 22. Re6 Rxc7 23. Rxf6+ Bxf6 24. Bxc7 Bxb2 25. Bxa5 Ke6 26. Ke2
Kd5 27. Bc7 Nf6 28. h3 Ne4 29. f3 Nc3+ 30. Kd3 Bc1 0-1

[Event "VI Festival Scacchi Verdi"]
[Site "Bresso ITA"]
[Date "2007.06.16"]
[Round "3"]
[White "Murli, Almerico"]
[Black "Pelizzola, Danilo"]
[Result "0-1"]
[WhiteElo "1896"]
[BlackElo "2070"]
[PlyCount "32"]
[EventDate "2007.06.14"]

1. e4 e5 2. Nf3 Nc6 3. d4 exd4 4. Nxd4 Nf6 5. Nxc6 bxc6 6. e5 Qe7 7. Qe2 Nd5 8.
c4 Ba6 9. b3 g6 10. f4 Bg7 11. Qd2 Nxf4 12. Bb2 Bxe5 13. Bxe5 Qxe5+ 14. Kf2
O-O-O 15. Nc3 Rhe8 16. Bd3 Qd4+ 0-1

[Event "VI Festival Scacchi Verdi"]
[Site "Bresso ITA"]
[Date "2007.06.16"]
[Round "3"]
[White "Nava, Mario"]
[Black "Rossini, Luca"]
[Result "0-1"]
[WhiteElo "1431"]
[BlackElo "1440"]
[PlyCount "132"]
[EventDate "2007.06.14"]

1. c4 c5 2. Nf3 Nc6 3. Nc3 g6 4. g3 Bg7 5. Bg2 Nf6 6. e4 e6 7. d3 d5 8. cxd5
exd5 9. e5 Ng4 10. O-O Ngxe5 11. Nxe5 Nxe5 12. Re1 d4 13. Nd5 O-O 14. Bf4 Nc6
15. Nc7 g5 16. Nxa8 gxf4 17. Qf3 Bh6 18. gxf4 Bd7 19. Qg3+ Bg7 20. Be4 Qxa8 21.
Qh4 h6 22. Kh1 Qd8 23. Qxd8 Rxd8 24. Rg1 Kh8 25. Rg3 Be6 26. f5 Bd7 27. Rag1
Be5 28. Rh3 Bg7 29. Rh4 Ne5 30. f4 Nc6 31. f6 Bf8 32. Rh5 Nb4 33. Bf5 Bxf5 34.
Rxf5 Nxd3 35. Rg2 c4 36. Kg1 c3 37. bxc3 dxc3 38. Rc2 Rc8 39. Rh5 Nb4 40. Rc1
c2 41. a3 Na2 42. Re1 c1=Q 43. Rxc1 Nxc1 44. Rh4 Rc6 45. Kg2 Rxf6 46. Kf3 Be7
47. Rh5 Bxa3 48. Rd5 Bd6 49. Rd4 b5 50. Re4 b4 51. Re8+ Kg7 52. Re4 b3 53. Ke3
b2 54. Rd4 b1=Q 55. Kf3 Qb3+ 56. Kg4 Qe6+ 57. Kf3 Nb3 58. Re4 Nd2+ 59. Ke2
Qxe4+ 60. Kxd2 Bxf4+ 61. Kc3 Rd6 62. Kb3 Qb7+ 63. Kc3 Qc7+ 64. Kb3 Rb6+ 65. Ka4
Qc8 66. Ka5 Qa6# 0-1

[Event "VI Festival Scacchi Verdi"]
[Site "Bresso ITA"]
[Date "2007.06.16"]
[Round "3"]
[White "Pepa, Syrja"]
[Black "Andreazza, Attilio"]
[Result "1-0"]
[WhiteElo "1817"]
[BlackElo "2092"]
[PlyCount "95"]
[EventDate "2007.06.14"]

1. e4 c6 2. d4 d5 3. Nc3 dxe4 4. Nxe4 Bf5 5. Ng3 Bg6 6. Nf3 Nd7 7. h4 h6 8. h5
Bh7 9. Bd3 Bxd3 10. Qxd3 Qc7 11. Be3 Ngf6 12. O-O-O e6 13. Kb1 Bd6 14. Ne4 Nxe4
15. Qxe4 Nf6 16. Qd3 Qa5 17. Bd2 Qc7 18. Qe2 O-O-O 19. Ne5 c5 20. Bf4 Rhe8 21.
Bg3 Bxe5 22. Bxe5 Qc6 23. Rh3 c4 24. Rc3 b5 25. Bxf6 gxf6 26. b3 Qxg2 27. bxc4
b4 28. Rb3 a5 29. a3 Kc7 30. axb4 axb4 31. Rxb4 Rb8 32. Rb5 Rxb5+ 33. cxb5 Qd5
34. c4 Qf5+ 35. Kb2 Rg8 36. Rd2 Rg1 37. Rc2 Rh1 38. Kb3 Rxh5 39. Ra2 Rh3+ 40.
Kb4 Qb1+ 41. Kc5 Qf5+ 42. d5 Kb7 43. b6 Rc3 44. Ra7+ Kb8 45. Qa2 Qxd5+ 46. Kb4
Qf3 47. Rxf7 Rd3 48. Qa7+ 1-0

[Event "VI Festival Scacchi Verdi"]
[Site "Bresso ITA"]
[Date "2007.06.16"]
[Round "3"]
[White "Rettore, Ludwig"]
[Black "Georgiev, Vladimir"]
[Result "0-1"]
[WhiteElo "2172"]
[BlackElo "2540"]
[PlyCount "76"]
[EventDate "2007.06.14"]

1. e4 e5 2. Nf3 Nc6 3. Bc4 Bc5 4. c3 Nf6 5. d4 exd4 6. cxd4 Bb4+ 7. Bd2 Bxd2+
8. Nbxd2 d5 9. exd5 Ne7 10. Qa4+ Nd7 11. Ne5 O-O 12. Nxd7 Bxd7 13. Qb3 Nf5 14.
O-O Nxd4 15. Qd3 c5 16. a4 Bf5 17. Qg3 Re8 18. Nb3 Re4 19. Nxd4 Rxd4 20. Qb3
Qg5 21. Rad1 Rd8 22. Rxd4 cxd4 23. Rd1 d3 24. Bxd3 Bg4 25. Re1 g6 26. Bc4 Qd2
27. Qc3 Qxc3 28. bxc3 Kf8 29. f3 Bd7 30. Bb3 Rc8 31. c4 Bf5 32. Kf2 b6 33. Ke3
Ke7 34. Kd4+ Kd6 35. g4 Bd7 36. h4 Rh8 37. g5 h6 38. gxh6 38... Rxh6 $138 0-1

[Event "VI Festival Scacchi Verdi"]
[Site "Bresso ITA"]
[Date "2007.06.16"]
[Round "3"]
[White "Taglione, Giuseppe"]
[Black "Garlera, Marco"]
[Result "1/2-1/2"]
[WhiteElo "1403"]
[BlackElo "1478"]
[PlyCount "113"]
[EventDate "2007.06.14"]

1. e4 e5 2. Nf3 d6 3. c4 Nf6 4. d3 Be6 5. Nc3 Be7 6. Be2 h6 7. Be3 O-O 8. Qd2
Ng4 9. h3 Nxe3 10. Qxe3 Nd7 11. Nh2 Bg5 12. Qf3 c6 13. O-O Re8 14. Rfd1 Nf8 15.
Bf1 Ng6 16. Qe2 Nf4 17. Qc2 Qe7 18. Ne2 Nh5 19. Nf3 Rac8 20. Nxg5 Qxg5 21. Qd2
Qh4 22. Kh2 Qf6 23. Qe3 b6 24. b3 g5 25. g4 Ng7 26. Ng3 Rf8 27. Bg2 Ne8 28. Nh5
Qe7 29. f3 Ng7 30. Nxg7 Kxg7 31. b4 Bd7 32. Rdc1 Rfd8 33. a3 Be8 34. Bf1 f6 35.
d4 exd4 36. Qxd4 Qe5+ 37. Qxe5 fxe5 38. Rd1 Rc7 39. Rac1 c5 40. b5 Kf6 41. Rd2
Ke7 42. Kg3 a6 43. a4 axb5 44. axb5 Ra8 45. Rcc2 Ra3 46. Ra2 Rca7 47. Rxa3 Rxa3
48. Kf2 Bf7 49. Rc2 h5 50. Be2 hxg4 51. hxg4 Kd7 52. Ke1 Ra1+ 53. Bd1 Ra3 54.
Kd2 Ra4 55. Be2 Be6 56. Bd3 Ke7 57. Be2 1/2-1/2